| 000 | 00474nam a2200157 4500 | ||
|---|---|---|---|
| 001 | 4217 | ||
| 005 | 20181127172907.0 | ||
| 020 | 0 | 0 | _a8124106096 |
| 090 | 0 | 0 | _a342.540878 B5752w 2008 |
| 245 | 0 | 0 |
_aThe world of gender justice : _bJustice sunanda bhandare foundation / _cEdited by Murlidhar C. Bhandare. _h |
| 260 | 0 | 0 |
_aNew Delhi : _bHar-Anand, _c2008. |
| 300 | 0 | 0 | _a284 p. 26 cm. |
| 650 | 0 | 0 |
_aIndia. _x |
| 650 | 0 | 0 |
_aWomen --Legal status, laws, etc. _x |
| 650 | 0 | 0 |
_aWomen's rights. _x |
| 999 |
_c3467 _d3467 |
||